000 00533nam a2200217Ia 4500
003 OSt
005 20220924133742.0
006 a|||||r|||| 00| 0
007 ta
008 220923b |||||||| |||| 00| 0 snd d
024 _a268643
037 _cTextual
040 _aARTS
_cARTS
_bsnd
041 _2snd
_asnd
082 _aY:1.351, 1593K6
100 _aNarsinghdas
_9207262
245 0 _aManteswari sukya
260 _c1966
942 _hY:1.351, 1593K6
_cTEXL
_2CC
999 _c435063
_d435063